Három tévesen feltételezett XVI. századi hazai nyomda (Eperjes, a kolozsvári jezsuiták műhelye és Nagybánya)

Bibliographic Details
Format: Article
Language:Hungarian
ISBN:963 200 353 5
963 200 354 5

MARC

LEADER 00000naa a2200000uu 4500
001 vtls011092429
003 SK-MaSNL
005 20260225065045.0
008 210824|1996 xo |||||||||||||||||hun|
015 |a SNBRA 
035 |a (urnnbn)urn:nbn:sk:snk:ar-a0crjn 
035 |a (uuid)1ffa4495-a53d-48d5-9a91-303710f830c7 
035 |a urn:nbn:sk:snk-aavx8k 
040 |a SNKBUCL  |b slo  |c SNKBUCL  |e AACR2 
041 0 |a hun 
044 |a xo  |c SK 
245 0 0 |a Három tévesen feltételezett XVI. századi hazai nyomda (Eperjes, a kolozsvári jezsuiták műhelye és Nagybánya) 
773 0 |t Könyvtörténeti írások : a hazai nyomdászat 15-17. század. 1  |d Budapest : Országos Széchényi Könyvtár, 1996  |g S. 328-329  |z 963 200 353 5  |z 963 200 354 5 
958 |a OND 
958 |a article12 
958 |a chapter 
999 |c 1312621  |d 1314551